000
00228nam a2200109Ia 4500
008
190216s9999||||xx |||||||||||||| ||und||
100
_a
Valsala
245
0
_a
Kanal
260
_b
Nbs Kottayam
650
_a
Malayalam
942
_c
BK
999
_c
25951
_d
25951